[Event "Eurasia Open Cup 2018"]
[Site "Jekaterienburg"]
[Date "2018.08.07"]
[Round "6"]
[White "Obgolts, Erik"]
[Black "Kozionov, Kirill"]
[Result "1/2-1/2"]
[WhiteElo "2334"]
[BlackElo "2461"]
[Annotator "ChessBase"]
[PlyCount "129"]
[EventDate "2018.08.01"]
[EventType "swiss"]
[EventCountry "RUS"]
[SourceTitle "playchess.com"]
[Source "ChessBase"]
[SourceQuality "1"]
[TimeControl "5400+30"]

1. e4 {[%emt 0:00:00]} c5 {[%emt 0:00:00]} 2. Nf3 {[%emt 0:00:00]} d6 {[%emt 0:00:52]} 3. Bb5+ {[%emt 0:00:00]} Nd7 {[%emt 0:00:00]} 4. O-O {[%emt 0:00:00]} a6 {[%emt 0:00:00]} 5. Bd3 {[%emt 0:00:00]} Ngf6 {[%emt 0:01:16]} 6. Re1 {[%emt 0:00:00]} b5 {[%emt 0:03:55]} 7. c4 {[%emt 0:00:00]} Ne5 {[%emt 0:01:23]} 8. Bf1 {[%emt 0:00:00]} Nxc4 {[%emt 0:05:12]} 9. a4 {[%emt 0:00:14]} Bd7 {[%emt 0:01:46]} 10. d4 {[%emt 0:00:21]} cxd4 {[%emt 0:01:57]} 11. Nxd4 {[%emt 0:00:37]} e5 {[%emt 0:15:14]} 12. axb5 {[%emt 0:00:00]} exd4 {[%emt 0:03:39]} 13. Bxc4 {[%emt 0:00:00]} axb5 {[%emt 0:00:18]} 14. Rxa8 {[%emt 0:00:25]} Qxa8 {[%emt 0:00:03]} 15. Bb3 {[%emt 0:01:17]} Be7 {[%emt 0:11:53]} 16. Qxd4 {[%emt 0:00:52]} O-O {[%emt 0:00:19]} 17. Nc3 {[%emt 0:04:07]} Bc6 {[%emt 0:03:36]} 18. Bf4 {[%emt 0:12:14]} Rd8 {[%emt 0:06:04]} 19. h3 {[%emt 0:11:45]} Nh5 {[%emt 0:08:06]} 20. Nd5 {[%emt 0:03:47]} Bxd5 {[%emt 0:07:36]} 21. Bxd5 {[%emt 0:01:01]} Qc8 {[%emt 0:00:35]} 22. Be3 {[%emt 0:06:00]} Nf6 {[%emt 0:00:38]} 23. Rc1 {[%emt 0:03:14]} Qb8 {[%emt 0:00:33]} 24. Bb3 {[%emt 0:01:24]} Rc8 {[%emt 0:03:04]} 25. Rxc8+ {[%emt 0:12:52]} Qxc8 {[%emt 0:00:05]} 26. e5 {[%emt 0:00:50]} dxe5 {[%emt 0:01:34]} 27. Qxe5 {[%emt 0:00:00]} Qb7 {[%emt 0:01:35]} 28. g4 {[%emt 0:02:10]} Ne8 {[%emt 0:06:06]} 29. Bc2 {[%emt 0:07:34]} Nd6 {[%emt 0:02:11]} 30. Bc5 {[%emt 0:02:12]} Qc7 {[%emt 0:01:24]} 31. b4 {[%emt 0:01:17]} Bf8 {[%emt 0:00:00]} 32. Bb3 {[%emt 0:04:25]} Qd8 {[%emt 0:04:33]} 33. Bd5 {[%emt 0:03:01]} Qd7 {[%emt 0:02:00]} 34. Bf3 {[%emt 0:01:26]} h6 {[%emt 0:03:50]} 35. Kg2 {[%emt 0:01:26]} Qd8 {[%emt 0:00:00]} 36. Qd5 {[%emt 0:03:16]} Qf6 {[%emt 0:00:57]} 37. Kg3 {[%emt 0:04:44]} Be7 {[%emt 0:01:50]} 38. Bd4 {[%emt 0:01:46]} Qg6 {[%emt 0:01:25]} 39. Bc5 {[%emt 0:00:56]} Qf6 {[%emt 0:00:28]} 40. Kg2 {[%emt 0:02:23]} Bf8 {[%emt 0:01:41]} 41. h4 {[%emt 0:03:50]} Qf4 {[%emt 0:00:44]} 42. Qd4 {[%emt 0:01:40]} Qxd4 {[%emt 0:00:54]} 43. Bxd4 {[%emt 0:00:04]} Ne8 {[%emt 0:00:58]} 44. Bc6 {[%emt 0:01:04]} Nc7 {[%emt 0:00:13]} 45. Be5 {[%emt 0:00:39]} Na6 {[%emt 0:00:22]} 46. Bxb5 {[%emt 0:00:44]} Nxb4 {[%emt 0:00:04]} 47. Bc4 {[%emt 0:00:14]} Nc6 {[%emt 0:00:30]} 48. Bc7 {[%emt 0:00:50]} Be7 {[%emt 0:00:36]} 49. h5 {[%emt 0:00:28]} Nd4 {[%emt 0:01:00]} 50. f4 {[%emt 0:00:29]} Kf8 {[%emt 0:00:42]} 51. Bb6 {[%emt 0:00:59]} Ne6 {[%emt 0:00:09]} 52. Kf3 {[%emt 0:01:13]} Bf6 {[%emt 0:00:56]} 53. Ke4 {[%emt 0:00:32]} Bb2 {[%emt 0:00:28]} 54. Be3 {[%emt 0:00:16]} Bf6 {[%emt 0:00:16]} 55. Bc1 {[%emt 0:00:49]} Kg8 {[%emt 0:00:25]} 56. Kd5 {[%emt 0:00:36]} Kf8 {[%emt 0:01:12]} 57. Bd2 {[%emt 0:00:59]} Bh4 {[%emt 0:00:21]} 58. Ke4 {[%emt 0:00:26]} Bf6 {[%emt 0:00:30]} 59. Bb4+ {[%emt 0:00:29]} Be7 {[%emt 0:00:48]} 60. Bc3 {[%emt 0:00:04]} Bd6 {[%emt 0:00:17]} 61. Bxe6 {[%emt 0:01:19]} fxe6 {[%emt 0:00:03]} 62. g5 {[%emt 0:00:19]} hxg5 {[%emt 0:00:48]} 63. fxg5 {[%emt 0:00:04]} g6 {[%emt 0:00:38]} 64. hxg6 {[%emt 0:00:15]} Kg8 {[%emt 0:00:10]} 65. Bf6 {[%emt 0:00:13]} 1/2-1/2

[Event "Eurasia Open Cup 2018"]
[Site "Jekaterienburg"]
[Date "2018.08.07"]
[Round "6"]
[White "Grachev, Alexey"]
[Black "Makhmutov, Rail"]
[Result "1-0"]
[WhiteElo "2277"]
[BlackElo "2416"]
[Annotator "NA"]
[PlyCount "96"]
[EventDate "2018.08.01"]
[EventType "swiss"]
[EventCountry "RUS"]
[SourceTitle "playchess.com"]
[Source "ChessBase"]
[SourceQuality "1"]
[TimeControl "5400+30"]

1. e4 {[%emt 0:00:00]} e5 {[%emt 0:00:00]} 2. Nf3 {[%emt 0:00:00]} Nc6 {[%emt 0:00:03]} 3. Bc4 {[%emt 0:00:00]} Bc5 {[%emt 0:00:00]} 4. O-O {[%emt 0:00:36]} Nf6 {[%emt 0:00:44]} 5. d3 {[%emt 0:00:26]} O-O {[%emt 0:00:39]} 6. h3 {[%emt 0:02:59]} d5 {[%emt 0:03:33]} 7. exd5 {[%emt 0:00:26]} Nxd5 {[%emt 0:00:03]} 8. Nbd2 {[%emt 0:02:01] C24: Bishop's Opening: 2...Nf6} (8. Re1 Be6 9. c3 Bb6 10. Bb3 Re8 11. Na3 f6 12. d4 exd4 13. c4 Ndb4 14. c5 Bxb3 15. Qxb3+ Qd5 16. Qxd5+ Nxd5 17. cxb6 Rxe1+ 18. Nxe1 axb6 {1-0 (30) Volokitin,A (2632)-Shirov,A (2644) Berlin 2018}) 8... Kh8 {[%emt 0:11:30]} 9. Re1 {[%emt 0:05:22]} f6 {[%emt 0:02:31]} 10. c3 {[%emt 0:12:49]} Nb6 $146 {[%emt 0:04:11]} ({Predecessor:} 10... a6 11. Nb3 Ba7 12. d4 b5 13. Bf1 Re8 14. a4 bxa4 15. Rxa4 e4 {1-0 (29) Vevera,R (2077)-Bargel,M (2101) Rakovnik 2014}) 11. Bb5 {[%emt 0:01:17]} a6 {[%emt 0:01:05]} 12. Bxc6 {[%emt 0:00:00]} bxc6 {[%emt 0:00:00]} 13. d4 {[%emt 0:00:43]} exd4 {[%emt 0:00:26]} 14. Ne4 {[%emt 0:01:50]} Be7 {[%emt 0:05:22]} 15. Nxd4 {[%emt 0:06:27]} c5 {[%emt 0:08:40]} 16. Nc6 {[%emt 0:07:38]} Qxd1 {[%emt 0:00:00]} 17. Rxd1 {[%emt 0:00:31]} Bb7 {[%emt 0:00:36]} 18. Nxe7 {[%emt 0:00:06]} Bxe4 {[%emt 0:00:06]} 19. Re1 {[%emt 0:00:28]} Bd3 {[%emt 0:10:06]} 20. b3 {[%emt 0:05:49]} Rfe8 {[%emt 0:14:18]} 21. c4 {[%emt 0:17:46]} Nc8 $1 {[%emt 0:03:09]} 22. Re3 {[%emt 0:00:00]} Rxe7 {[%emt 0:00:14]} 23. Rxd3 {[%emt 0:00:00]} Re1+ {[%emt 0:00:39]} 24. Kh2 {[%emt 0:00:15]} Nd6 {[%emt 0:11:56]} 25. Bb2 {[%emt 0:01:26]} Re2 {[%emt 0:02:23]} 26. Ba3 {[%emt 0:00:20]} Rxf2 {[%emt 0:00:56]} (26... Nb7 $14) 27. Bxc5 {[%emt 0:00:00]} Rc2 {[%emt 0:00:32]} 28. Bxd6 {[%emt 0:01:11]} cxd6 $16 {[%emt 0:01:46]} 29. Rxd6 {[%emt 0:00:03]} h6 {[%emt 0:02:10]} 30. Rd3 {[%emt 0:09:19]} Re8 {[%emt 0:02:17]} 31. a3 {[%emt 0:01:31]} a5 {[%emt 0:01:28]} 32. a4 {[%emt 0:01:08]} Ree2 {[%emt 0:00:30]} 33. Rg3 {[%emt 0:00:10]} f5 {[%emt 0:05:49]} 34. Rf1 {[%emt 0:01:06]} Re5 {[%emt 0:00:00]} 35. h4 {[%emt 0:03:48]} Kh7 {[%emt 0:01:10]} 36. Rf4 {[%emt 0:00:55]} Rc1 {[%emt 0:04:03]} 37. Rgf3 {[%emt 0:01:50]} Kg6 {[%emt 0:01:40]} 38. Rd3 {[%emt 0:08:00]} Rb1 {[%emt 0:02:00]} 39. Rg3+ {[%emt 0:02:15]} Kh5 {[%emt 0:01:50]} 40. Rxg7 {[%emt 0:02:57]} Rxb3 {[%emt 0:00:02]} 41. g3 {[%emt 0:00:35]} Re2+ {[%emt 0:01:27]} 42. Kh3 {[%emt 0:00:08]} Rxg3+ {[%emt 0:00:33]} 43. Kxg3 {[%emt 0:00:51]} Rg2+ {[%emt 0:00:15]} 44. Kf3 {[%emt 0:00:41]} Rg3+ {[%emt 0:00:18]} 45. Ke2 {[%emt 0:00:37]} Re3+ {[%emt 0:00:56]} 46. Kf1 {[%emt 0:00:38]} Re1+ {[%emt 0:00:08]} 47. Kg2 {[%emt 0:00:27]} Rg1+ {[%emt 0:00:13]} 48. Kf2 {[%emt 0:00:17]} Rf1+ {[%emt 0:01:13]} 1-0

[Event "Eurasia Open Cup 2018"]
[Site "Jekaterienburg"]
[Date "2018.08.07"]
[Round "6"]
[White "Tsybikov, Tumen"]
[Black "Badmatsyrenov, Oleg"]
[Result "0-1"]
[WhiteElo "2272"]
[BlackElo "2454"]
[Annotator "TA"]
[PlyCount "104"]
[EventDate "2018.08.01"]
[EventType "swiss"]
[EventCountry "RUS"]
[SourceTitle "playchess.com"]
[Source "ChessBase"]
[SourceQuality "1"]

{[%evp 16,104,9,9,9,4,5,6,9,12,8,0,18,0,5,3,36,33,33,29,31,41,10,-43,0,0,22,31,27,19,16,17,17,19,19,28,24,0,0,-183,-69,-102,-108,-140,-146,-325,-334,-604,-584,-753,-749,-712,-708,-637,-695,-668,-477,-2041,-706,-652,-657,-621,-401,-733,-526,-501,-489,-778,-582,-566,-563,-714,-688,-713,-690,-787,-713,-697,-689,-614,-673,-642,-610,-1687,-1685,-1480,-1497,-1215,-1209,-6388,-6070]} 1. e4 c5 2. Nf3 e6 3. d4 cxd4 4. Nxd4 Nc6 5. Nc3 Qc7 6. Be3 a6 7. Qf3 {B48: Sicilian: Taimanov: 5 Nc3 Qc7 6 Be3 a6 without Be2} d6 (7... Nf6 8. O-O-O Ne5 9. Qg3 b5 10. a3 Bb7 11. Bxb5 Rc8 12. Ba4 Nxe4 13. Nxe4 Bxe4 14. Bf4 Qc4 15. Bxe5 Qxa4 {1-0 (38) Vachier Lagrave,M (2789)-Anand,V (2776) Karlsruhe/Baden-Baden 2018}) 8. O-O-O Bd7 9. g4 {[%cal Bg2g4,Bg4g5][%mdl 32] LiveBook: 4 Games. The position is equal.} b5 10. Nxc6 Bxc6 11. Bd3 Nf6 {[%cal Bg8f6,Bf6d7,Bd7e5][%mdl 32]} 12. g5 Nd7 13. Kb1 Ne5 14. Qg3 b4 $146 ({Predecessor:} 14... Rc8) 15. Ne2 b3 16. axb3 Nxd3 17. Rxd3 Bxe4 18. Rc3 Qb7 19. Re1 (19. Rd1 $11) 19... Be7 20. Bf4 e5 {[#]} 21. Bxe5 $1 {[%mdl 512]} dxe5 22. Qxe5 O-O 23. Nd4 Bb4 24. Rxe4 {aiming for Rc7.} Bxc3 25. bxc3 {Nf5 is the strong threat.} Qb8 26. Qf5 Qxh2 27. Nf3 $2 (27. Nc6 $11) 27... Qh5 (27... Qxf2 $19 28. Rh4 Qf1+ 29. Kb2 g6) 28. Rh4 Qg6 29. Qh3 {[#] With the idea Ne5.} Rae8 $1 30. Nd4 $2 (30. Qg2 $17) 30... Re1+ $19 ({Don't take} 30... Qxg5 31. Nf3 $19) 31. Kb2 $2 (31. Ka2 Qxg5 32. b4) 31... Qxg5 {( -> ...Qc1+)} 32. f4 Qa5 {[%csl Ge1][%cal Ra5a1]} 33. b4 Qa1+ 34. Kb3 Qb1+ 35. Kc4 h6 36. Qg4 (36. Rh5 $142) 36... Rg1 (36... f5 $142 37. Qf3 Rc8+ 38. Nc6 Re6 39. b5 Qxb5+ 40. Kd4 Rcxc6 41. Qxc6 Qxc6 42. c4 Qd6+ 43. Kc3 Re3+ 44. Kb2 Qa3+ 45. Kb1 Re1#) 37. Qd7 Qf1+ 38. Kb3 Qe1 39. Rh2 (39. Rg4 $142 Qb1+ 40. Kc4) 39... Qb1+ {Black is clearly winning.} 40. Kc4 Qf1+ 41. Ne2 (41. Kb3 $142 Qb1+ 42. Kc4) 41... Rg2 42. Rxg2 Qxg2 {[%mdl 4096] Endgame KQR-KQN} 43. Qd3 h5 {[%cal Bh6h5,Bh5h4,Bh4h3,Bh3h2][%mdl 32]} 44. Kb3 h4 45. f5 Re8 46. Nf4 Qe4 47. Qd7 Ra8 48. Nd5 h3 49. Qb7 Re8 50. f6 h2 51. Ne7+ Rxe7 $1 52. fxe7 Qxb7 {Precision: White = 40%, Black = 62%.} 0-1

[Event "Eurasia Open Cup 2018"]
[Site "Jekaterienburg"]
[Date "2018.08.07"]
[Round "6"]
[White "Maletina, Tatiana"]
[Black "Kardashevskiy, Evgeny"]
[Result "1-0"]
[WhiteElo "2231"]
[BlackElo "2387"]
[Annotator "TA"]
[PlyCount "93"]
[EventDate "2018.08.01"]
[EventType "swiss"]
[EventCountry "RUS"]
[SourceTitle "playchess.com"]
[Source "ChessBase"]
[SourceQuality "1"]

{[%evp 21,93,8,12,8,8,8,8,8,8,6,2,0,3,0,0,0,136,126,141,108,106,58,239,237,260,252,247,247,260,206,264,250,331,233,366,262,498,505,536,534,608,626,616,611,720,718,716,716,715,708,713,706,693,667,700,684,700,698,698,693,658,631,633,625,666,637,710,686,733,655,755,755,788,775]} 1. d4 Nf6 2. c4 e6 3. g3 d5 4. Nf3 dxc4 5. Bg2 c5 6. O-O Nc6 7. Qa4 Bd7 8. Qxc4 b5 9. Qc3 {E04: Katalanisch} b4 10. Qd3 Rc8 11. dxc5 Bxc5 {LiveBook: 6 Partien} 12. Bg5 (12. Be3 Bxe3 13. Qxe3 Qb6 14. Qxb6 axb6 15. Nbd2 Na5 16. Rfc1 Ke7 17. Kf1 Rhd8 18. Ne5 Bb5 19. Ke1 Nd7 {½-½ (19) Bluebaum,M (2633)-Kryvoruchko,Y (2705) Brest 2018}) 12... h6 13. Bxf6 Qxf6 14. Nbd2 {[%cal Bb1d2,Bd2c4,Bc4a5,Ba5b7,Bb7d6][%mdl 32] Droht Se4 und aus.} Ne5 $132 {[%mdl 2048] Schwarz is fighting back} 15. Nxe5 Qxe5 16. Rac1 Ke7 $146 ({Vorgänger:} 16... Qd4 17. Ne4 Qxd3 18. exd3 Be7 19. Rxc8+ Bxc8 20. Rc1 Kd8 21. Nc5 Bd6 {½-½ (21) Schreurs,B (2213)-Doderer,H (2254) ICCF email 2017}) 17. e3 Rhd8 18. Nc4 Qf6 {[#]} (18... Qf5 $11 {hält das Gleichgewicht.} 19. Be4 Qh5) 19. Na5 $1 $16 {[%cal Ra5b7] Schwarz muss nun Sb7 beachten.} Be8 20. Qa6 Qe5 21. Nb7 Rd7 $2 {[#]} ({Lieber} 21... Bxe3 $1 $14 22. Rxc8 Rxc8) 22. Nd6 $1 $18 {[%cal Rd6c8]} Qxd6 23. Qxc8 Rc7 24. Qa8 Qb6 25. Rfd1 Bd7 26. Qe4 a5 27. h3 a4 (27... Bd6 $142 28. Rxc7 Qxc7) 28. Kh2 Bb5 $2 (28... Bd6 {ist eine bessere Verteidigung.} 29. Rxc7 Bxc7 30. Qh4+ Ke8) 29. Qh4+ {Weiß steht klar auf Gewinn.} f6 30. Qg4 Kf7 31. Qh5+ Kg8 32. Rd8+ {[%cal Bd1d8,Bd8b8,Bb8b5][%mdl 32]} Kh7 33. Be4+ f5 {[#]} 34. Bxf5+ $1 exf5 35. Qxf5+ g6 36. Qe5 {[%csl Gd8][%cal Re5h8]} Rg7 37. Rb8 ({Weniger gut wäre} 37. Rxc5 Qxd8 38. Rxb5 Rf7 $18) 37... Qd6 38. Qxd6 Bxd6 39. Rxb5 {[%mdl 4096] Endspiel KTT-KTL} Rd7 40. Kg2 Be7 41. a3 bxa3 42. bxa3 Ra7 43. Rc3 Kg7 44. Rb6 Kf7 45. Kf3 h5 46. Rcc6 Bxa3 47. Ra6 {Precision: Weiß = 80%, Schwarz = 35%.} 1-0